MARC

LEADER 00000nam0a2200000 4500
001 221161
005 20231101230401.0
035 |a (RuTPU)RU\TPU\book\241305 
090 |a 221161 
100 |a 20120907d1990 k y0rusy50 ca 
101 0 |a rus 
102 |a RU 
105 |a a z 001zy 
200 1 |a Глубинные включения и петрогенезис интрузивных чарнокитоидов  |e сборник научных трудов  |f Академия наук СССР (АН СССР), Кольский научный центр (КолНЦ), Геологический институт (ГИ) ; под ред. В. Р. Ветрина 
210 |a Апатиты  |c Изд-во Кольского научного центра РАН  |d 1990 
215 |a 94 с.  |c ил. 
320 |a Библиогр.: с. 83-90. 
606 1 |a Горные породы, интрузивные  |x Происхождение  |2 stltpush  |3 (RuTPU)RU\TPU\subj\8117  |9 35603 
610 1 |a чарнокитоиды 
610 1 |a вещественный состав 
610 1 |a ксенолиты 
610 1 |a Памир 
610 1 |a Кольский полуостров 
610 1 |a петрогенезис 
610 1 |a меланократовые включения 
610 1 |a флюиды 
610 1 |a цирконы 
610 1 |a Балтийский щит 
610 1 |a магматические комплексы 
675 |a 552.11  |v 3 
702 1 |a Ветрин  |b В. Р.  |4 340 
712 0 2 |a Академия наук СССР (АН СССР)  |b Кольский научный центр (КолНЦ)  |b Геологический институт (ГИ)  |c (Апатиты)  |2 stltpush  |3 (RuTPU)RU\TPU\col\18176 
801 1 |a RU  |b 63413507  |c 20120907 
801 2 |a RU  |b 63413507  |c 20130709  |g RCR 
942 |c BK